| 000 | 01048cam a2200241 4500 | ||
|---|---|---|---|
| 001 | ABS65606 | ||
| 008 | 020621n2002 000 0 eng u | ||
| 035 | _a(Sirsi) u118496 | ||
| 100 | _aPearce, F. | ||
| 245 | _aFire down below | ||
| 260 | _c2002 | ||
| 490 |
_aNew Scientist _v174(2345) 1 June 2002, 42-5(4) |
||
| 520 | _aDiscusses how engineers are working on finding a way to exploit underground coal seams to convert into energy. The solution to what is being offered as a 'clean' technique is Underground coal gasification (UCG) which removes the need for coal mines as the coal is burnt at source - engineers hope the resulting vapours can be siphoned off as fuel for gas turbines at the surface. Article questions whether coal will be the fuel for the future or create an environmental disaster. | ||
| 590 | _aABS | ||
| 650 | _aCOAL RESERVES | ||
| 650 | _aCOAL MINING | ||
| 650 | _aENGINEERS | ||
| 650 | _aFUEL | ||
| 650 | _aUNDERGROUND COAL GASIFICATION | ||
| 650 | _aGLOBAL WARMING | ||
| 650 |
_aENERGY _96237 |
||
| 942 | _n0 | ||
| 999 |
_c70546 _d70546 |
||